Trở thành người chiến thắng = The Joy of Winning

Shranjeno v:
Bibliografske podrobnosti
Glavni avtor: Michael Beer
Format: Knjiga
Jezik:Undetermined
Izdano: Tp. HCM Trẻ 1996
Teme:
Oznake: Označite
Brez oznak, prvi označite!
Thư viện lưu trữ: Trung tâm Học liệu Trường Đại học Cần Thơ
LEADER 00526nam a2200181Ia 4500
001 CTU_27938
008 210402s9999 xx 000 0 und d
082 |a 158.2 
082 |b B415 
100 |a Michael Beer 
245 0 |a Trở thành người chiến thắng 
245 0 |b = The Joy of Winning 
245 0 |c Michael Beer; Dịch giả: Nguyễn Văn Ký 
260 |a Tp. HCM 
260 |b Trẻ 
260 |c 1996 
650 |a psychology, applied 
980 |a Trung tâm Học liệu Trường Đại học Cần Thơ